¿Ves algo? : guía metodología para acompañar procesos de formación en niños con discapacidad visual /
Sugerencias didácticas para la catequesis de niños con discapacidad visual las cuales hacen énfasis en la necesidad del desarrollo de la espiritualidad en niños con necesidad de elementos visuales para su proceso de formación. El texto presenta reflexiones y sugerencias pedagógicas en la realización...
I tiakina i:
| Kaituhi matua: | |
|---|---|
| Hōputu: | Pukapuka |
| Reo: | Pāniora |
| I whakaputaina: |
México :
Centro de Estudios Educativos,
2008, c2008
|
| Ngā marau: | |
| Ngā Tūtohu: |
Kāore He Tūtohu, Me noho koe te mea tuatahi ki te tūtohu i tēnei pūkete!
|
MARC
| LEADER | 00000nam^a2200000^a^4500 | ||
|---|---|---|---|
| 001 | 000356224 | ||
| 005 | 20250521000000.0 | ||
| 009 | 20260310115227.327 | ||
| 020 | |a 978-968-7165-82-0 | ||
| 037 | |a Acervo ITESO - Biblioteca | ||
| 041 | |a ESP | ||
| 082 | |a 371. 9113 |b GAL | ||
| 100 | |a Galindo Castro, Verónica María |e (autor) | ||
| 245 | 1 | 0 | |a ¿Ves algo? : |b guía metodología para acompañar procesos de formación en niños con discapacidad visual / |c V.M. Galindo Castro. |
| 264 | 4 | |a México : |b Centro de Estudios Educativos, |c 2008, c2008 | |
| 300 | |a 123 p. | ||
| 336 | |a texto |b txt |2 rdacontenido | ||
| 337 | |a sin mediación |b n |2 rdamedio | ||
| 338 | |a volumen |b nc |2 rdasoporte | ||
| 520 | |a Sugerencias didácticas para la catequesis de niños con discapacidad visual las cuales hacen énfasis en la necesidad del desarrollo de la espiritualidad en niños con necesidad de elementos visuales para su proceso de formación. El texto presenta reflexiones y sugerencias pedagógicas en la realización de esta labor educativa. | ||
| 649 | |a XX | ||
| 650 | |a Niños | ||
| 650 | |a Ceguera - |x Tema Principal | ||
| 650 | |a Discapacidades Físicas | ||
| 650 | |a Proceso Educativo | ||
| 650 | |a Instituciones de Educación Especial | ||
| 650 | |a Catequesis - |x Tema Principal | ||
| 650 | |a Iglesia y Educación | ||
| 650 | |a Catolicismo | ||
| 650 | |a Cristianismo - |x Estudio y Enseñanza | ||
| 650 | |a Religión | ||
| 650 | |a Educación Especial - |x Estudio y Enseñanza - |x Tema Principal | ||
| 650 | |a Educación Religiosa | ||
| 650 | |a Educación - |x Teoría | ||
| 910 | |a Fondo General | ||
| 920 | |a Impresos - Libros | ||
| 930 | |a Colección General | ||
| 905 | |a 101 | ||
| 901 | |a 0500249021 |b IT1 |c ACC |i D70741 |u 20250521 | ||
| 902 | |a https://opac.biblio.iteso.mx/vufind/Record/000356224 | ||